| 000 | 00615cab a2200241 4500 | ||
|---|---|---|---|
| 001 | ABS60358 | ||
| 008 | 090401t1999 xxu||||| |||| 00| 0 eng d | ||
| 035 | _a(Sirsi) u92318 | ||
| 041 | _aeng | ||
| 100 | _aSeidl, A. | ||
| 245 | _aFee earners see payment by results | ||
| 260 | _c1999 | ||
| 350 | _a0 | ||
| 490 |
_aEstates Gazette _v(9911) 20 March 1999, 52-55(4) |
||
| 650 | _aBENEFITS | ||
| 650 | _aFEE EARNERS | ||
| 650 | _aPROPERTY INDUSTRY | ||
| 650 | _aSALARY SURVEYS | ||
| 650 | _aTRENDS | ||
| 690 | _aMANAGEMENT-BUSINESS MANAGEMENT-PROFESSIONAL PRACTICE | ||
| 942 | _n0 | ||
| 948 | _c24/03/1999 | ||
| 999 |
_c58539 _d58539 |
||